Sanat - "Valon pisaroita" - Tuure Kilpeläinen ja kaihon karavaani - Statistics

Yleistilastot
  • Tätä visaa on pelattu 24 kertaa
  • Keskiarvotulos 100 / 138
Vastaustilastot
Vastaus % Oikein
meille
100%
pisaroita
100%
putoaa
100%
valon
100%
94%
pimeää
94%
vasten
94%
kai
88%
En
81%
en
81%
ja
81%
häviää
75%
istuu
75%
vaan
75%
älä
69%
anna
69%
etsi
69%
hakkaa
69%
kaipaa
69%
kakku
69%
kultaakaan
69%
kuolemaa
69%
loistoa
69%
maailmaa
69%
pää
69%
paha
69%
toivo
69%
tule
69%
valtaa
69%
ei
63%
hiekkaa
63%
hiuksissaan
63%
kun
63%
mies
63%
mummo
63%
muovilapiolla
63%
pysäkillä
63%
se
63%
suurta
63%
tyttö
63%
bussin
56%
etsimässä
56%
jo
56%
kuin
56%
kuuta
56%
lätäkössä
56%
laulaa
56%
nousevaa
56%
olen
56%
valoja
56%
elämää
50%
kaipaan
50%
katoa
50%
muotoaan
50%
muuttaa
50%
pöytään
50%
horisontin
44%
lähdetään
44%
rakkaus
44%
sitten
44%
tuokaa
44%
vielä
44%
yhdet
44%
ylistäen
44%
päällä
38%
pöydän
38%
tanssii
38%
tarjoilija
38%
ilmestyy
31%
niin
31%
vaanii
31%
aivastaa
25%
jostain
25%
kadonneita
25%
kadunkulmassa
25%
maalataan
25%
näkymätön
25%
seinät
25%
sillä
25%
hiotaan
19%
Ehtoja vastaavia visoja ei löytynyt
Tulosjakauma
Jokaisen tuloksen saaneiden osuus
Persentiili vastausten määrän mukaan
Tuloshistoriasi
Et ole pelannut tätä visaa